000
00279nam a22001337a 4500
003
SGT
020
_a
9780367697716
082
_a
005,DUC
100
_a
DUCKETT, JON
245
_a
JAVASCRIPT & JQUERYS
260
_a
NEW DELHI
_b
WILEY
_c
2022
300
_a
621
942
_2
ddc
_c
BK
_0
23
999
_c
25854
_d
25854